logo

Bir Sreshtho Munshi Abdur Rouf Library
Jhenaidah Cadet College

The DK nature encyclopedia / (Record no. 11372)

MARC details
000 -LEADER
fixed length control field 01034nam a2200337 a 4500
001 - CONTROL NUMBER
control field 11372
003 - CONTROL NUMBER IDENTIFIER
control field BD-JhCC
005 - DATE AND TIME OF LATEST TRANSACTION
control field 20190902131057.0
008 - FIXED-LENGTH DATA ELEMENTS--GENERAL INFORMATION
fixed length control field 190902s1998 nyua c e 001 0 eng
010 ## - LIBRARY OF CONGRESS CONTROL NUMBER
LC control number 98016657
020 ## - INTERNATIONAL STANDARD BOOK NUMBER
International Standard Book Number 0789434113 (alk. paper)
020 ## - INTERNATIONAL STANDARD BOOK NUMBER
International Standard Book Number 0751357979
040 ## - CATALOGING SOURCE
Original cataloging agency DLC
Transcribing agency DLC
Modifying agency DLC
-- BD-JhCC
042 ## - AUTHENTICATION CODE
Authentication code lcac
050 00 - LIBRARY OF CONGRESS CALL NUMBER
Classification number QH48
Item number .D56 1998
082 00 - DEWEY DECIMAL CLASSIFICATION NUMBER
Classification number 508/.03
Edition number 21
Item number DKN 1998
110 ## - MAIN ENTRY--CORPORATE NAME
Relator code DK Publishing, Inc.
245 04 - TITLE STATEMENT
Title The DK nature encyclopedia /
Statement of responsibility, etc. DK Publishing, Inc.
246 30 - VARYING FORM OF TITLE
Title proper/short title Nature Encyclopedia
250 ## - EDITION STATEMENT
Edition statement 1st American ed.
260 ## - PUBLICATION, DISTRIBUTION, ETC.
Place of publication, distribution, etc. New York :
Name of publisher, distributor, etc. DK Pub.,
Date of publication, distribution, etc. 1998.
300 ## - PHYSICAL DESCRIPTION
Extent 304 p. :
Other physical details col. ill. ;
Dimensions 29 cm.
500 ## - GENERAL NOTE
General note Includes index.
520 ## - SUMMARY, ETC.
Summary, etc. Covers the processes and life forms of the natural world from A to Z.
650 #0 - SUBJECT ADDED ENTRY--TOPICAL TERM
Topical term or geographic name entry element Natural history
General subdivision Encyclopedias, Juvenile.
650 #0 - SUBJECT ADDED ENTRY--TOPICAL TERM
Topical term or geographic name entry element Nature
General subdivision Encyclopedias, Juvenile.
650 #1 - SUBJECT ADDED ENTRY--TOPICAL TERM
Topical term or geographic name entry element Natural history
General subdivision Encyclopedias.
650 #1 - SUBJECT ADDED ENTRY--TOPICAL TERM
Topical term or geographic name entry element Nature
General subdivision Encyclopedias.
710 2# - ADDED ENTRY--CORPORATE NAME
Corporate name or jurisdiction name as entry element DK Publishing, Inc.
942 ## - ADDED ENTRY ELEMENTS (KOHA)
Source of classification or shelving scheme Dewey Decimal Classification
Koha item type Books
Holdings
Withdrawn status Lost status Source of classification or shelving scheme Damaged status Not for loan Home library Current library Shelving location Date acquired Total Checkouts Full call number Barcode Date last seen Copy number Price effective from Koha item type
    Dewey Decimal Classification     JCC Rouf Library JCC Rouf Library General Stacks 06/02/2019   508/.03 DKN 1998 15203 09/02/2019 C-1 09/02/2019 Books

JCC Library | Contacts | JCC Home

Last Update on 23 September 2017
Copyright @ 2017-2020 JCC Rouf Library
Rouf Library, Jhenidah Cadet College (JCC), Bangladesh